<?xml version="1.0" encoding="UTF-8"?>
<marc:record xmlns:marc="http://www.loc.gov/MARC21/slim">
   <marc:leader>00000nam a2200000 a 4500</marc:leader>
   <marc:datafield ind1="1" ind2=" " tag="100">
      <marc:subfield code="a">Kinney, Jeff</marc:subfield>
      <marc:subfield code="4">aut</marc:subfield>
      <marc:subfield code="e">Verfasser/-in</marc:subfield>
   </marc:datafield>
   <marc:datafield ind1="0" ind2="0" tag="245">
      <marc:subfield code="a">Gregs Tagebuch Bd. 1 - Von Idioten umzingelt!</marc:subfield>
   </marc:datafield>
   <marc:datafield ind1="0" ind2="0" tag="245">
      <marc:subfield code="b">Ein Comic-Roman</marc:subfield>
   </marc:datafield>
   <marc:datafield ind1="0" ind2="0" tag="245">
      <marc:subfield code="c">Kinney, Jeff</marc:subfield>
   </marc:datafield>
   <marc:datafield ind1=" " ind2="1" tag="264">
      <marc:subfield code="c">2009</marc:subfield>
   </marc:datafield>
   <marc:datafield ind1="1" ind2=" " tag="520">
      <marc:subfield code="a">Kurzbeschreibung&#xD;
Ein neues Schuljahr hat angefangen. Der 13-jährige Greg Heffley geht jetzt auf die Junior Highschool, und die ist so ungefähr die bescheuertste Idee aller Zeiten. Dort werden Kinder, frisch aus der Grundschule, zusammengeschmissen mit riesigen Gorillas, die sich zweimal täglich rasieren müssen. Und da wundern sich alle, dass es so viele Prügeleien gibt. So ein Leben als Teenager steckt voll ungeahnter Gefahren und komischer Missverständnisse. Also beginnt Greg einfach mal in seinem Tagebuch zu notieren, was er alles erlebt und was ihm tierisch auf die Nerven geht. Allen voran wäre da sein trotteliger Kumpel Rupert, der manchmal ganz schön peinlich sein kann. Doch als Ruperts Popularität in der Schule plötzlich steigt, versucht Greg seinen eigenen Vorteil daraus zu ziehen - Platz 1 der New York Times-Bestsellerliste!</marc:subfield>
   </marc:datafield>
   <marc:datafield ind1=" " ind2=" " tag="020">
      <marc:subfield code="a">9783833936326</marc:subfield>
      <marc:subfield code="9">9783833936326</marc:subfield>
   </marc:datafield>
   <marc:datafield ind1=" " ind2=" " tag="020">
      <marc:subfield code="a">3833936320</marc:subfield>
      <marc:subfield code="9">3833936320</marc:subfield>
   </marc:datafield>
   <marc:datafield ind1=" " ind2=" " tag="338">
      <marc:subfield code="a">Band</marc:subfield>
   </marc:datafield>
   <marc:datafield ind1=" " ind2=" " tag="300">
      <marc:subfield code="a">217 S.</marc:subfield>
   </marc:datafield>
</marc:record>
